Normal view MARC view

Entry Personal Name

Number of records used in: 2

001 - CONTROL NUMBER

  • control field: 49906

003 - CONTROL NUMBER IDENTIFIER

  • control field: dpl

005 - DATE AND TIME OF LATEST TRANSACTION

  • control field: 20120704143140.0

008 - FIXED-LENGTH DATA ELEMENTS

  • fixed length control field: 120704|||a|||||| | ||| d

040 ## - CATALOGING SOURCE

  • Original cataloging agency: dpl
  • Transcribing agency: dpl

100 ## - HEADING--PERSONAL NAME

  • Personal name: Nevile, Pran

670 ## - SOURCE DATA FOUND

  • Source citation: Work cat.: (dpl)68271: Nevile, Pran, Nautch Girls

670 ## - SOURCE DATA FOUND

  • Source citation: Work cat.: (dpl)68271: Nevile, Pran, Nautch Girls

© Delhi Public Library
Hit Counter
free hit counter